000
00264nam a22001097a 4500
082
_a
030 COL'H
100
_a
HALSEY, WILIAM H
_9
57324
245
_a
COLLIER'S ENCYCLOPEDIA WITH BIBILOGRAPHY AND INDEX
260
_a
USA
_b
COLLIER
_c
1965
300
_a
24V
942
_c
BK
999
_c
567618
_d
567618